000 00448nam a2200169Ia 4500
999 _c14056
_d14056
003 OSt
005 20201023111729.0
008 190216s9999||||xx |||||||||||||| ||und||
040 _coclc
082 _a823
_bCON/T
100 _aConrad, Joseph
_94795
245 0 _aTyphoon /
_cJoseph Conrad
260 _bSurjeet Pubs.Delhi,
_c1989.
_adelhi:
300 _a102p
650 _aNovel
942 _cBK
_2ddc
_h823
_iCON/T
_k823
_mCON/T